000 00387nam a22001457a 4500
020 _a978-81-89020-03-3
082 _a823
_bRAO/P
100 _aRAOTE, KOMILLA
245 _aTHE PRINCESS WITH THE LONGEST HAIR
_bSHORT STORY
246 _aTHE PRINCESS WITH THE LONGEST HAIR
_bSHORT STORY
260 _aNEW DELHI
_bKATHA
_c1998
520 _aSHORT STORY
650 _aSHORT STORY
942 _cBK
999 _c2604
_d2604